Modern auditing
Αποθηκεύτηκε σε:
| Κύριος συγγραφέας: | |
|---|---|
| Μορφή: | Βιβλίο |
| Γλώσσα: | English |
| Δημοσίευση: |
Chichester, West Sussex :
John Wiley & Sons,
c2004
|
| Έκδοση: | 2nd ed. |
| Θέματα: | |
| Ετικέτες: |
Προσθήκη ετικέτας
Δεν υπάρχουν, Καταχωρήστε ετικέτα πρώτοι!
|
MARC
| LEADER | 00000nam a2200000 i 4500 | ||
|---|---|---|---|
| 001 | 1/65157 | ||
| 008 | 071129r2004 eng d | ||
| 020 | |a 978-0470-86322-0 (pbk.) | ||
| 020 | |a 0470-86322-6 (pbk.) | ||
| 035 | |l 10092665 | ||
| 040 | |a GR-MY-UA |b gre |e aacr | ||
| 041 | 0 | |a eng | |
| 082 | 0 | |a 657.45 |2 (22) | |
| 100 | 1 | |a Cosserat, Graham W. | |
| 245 | 1 | 0 | |a Modern auditing / |c Graham W. Cosserat |
| 250 | |a 2nd ed. | ||
| 260 | |a Chichester, West Sussex : |b John Wiley & Sons, |c c2004 | ||
| 300 | |a ix, 681 σ.; |b εικ.; |c 25 εκ. | ||
| 500 | |a Το Παράρτημα της Χίου διαθέτει την ανατύπωση, 2006 | ||
| 504 | |a Περιλαμβάνει βιβλιογραφίες και ευρετήριο | ||
| 650 | 0 | 0 | |a Auditing. |
| 852 | |a INST |b CHIOS |e 20071129 |h 657.45 COS |p 005200028269 |q 005200028269 |t BK |y 0 | ||
| 901 | |a BIBL2-2007-3 | ||
| 909 | |a Χ |b 140499 | ||
| 922 | |a 2ΕΛΗ |b 200711 |c ΕΠΕΑΕΚ2/ΤΔΕ |d ΕΛΕΥΘΕΡΟΥΔΑΚΗΣ | ||
| 970 | |a ΒΑΡΦΗΣ |b ΒΑΓΓΕΛΗΣ |z 2007/11/29 | ||